Major governments of Asia
שמור ב:
| מחבר ראשי: | |
|---|---|
| פורמט: | ספר |
| שפה: | Undetermined |
| יצא לאור: |
Ithaca
Cornell University Press
1958
|
| נושאים: | |
| תגים: |
הוספת תג
אין תגיות, היה/י הראשונ/ה לתייג את הרשומה!
|
| Thư viện lưu trữ: | Trung tâm Học liệu Trường Đại học Cần Thơ |
|---|
| LEADER | 00523nam a2200193Ia 4500 | ||
|---|---|---|---|
| 001 | CTU_93522 | ||
| 008 | 210402s9999 xx 000 0 und d | ||
| 082 | |a 320 | ||
| 082 | |b K12 | ||
| 100 | |a Kahin, George McTurnan | ||
| 245 | 0 | |a Major governments of Asia | |
| 245 | 0 | |c Harold C. Hinton | |
| 260 | |a Ithaca | ||
| 260 | |b Cornell University Press | ||
| 260 | |c 1958 | ||
| 650 | |a Politics and government | ||
| 650 | |z Asia, southeastern | ||
| 904 | |i Bằng | ||
| 980 | |a Trung tâm Học liệu Trường Đại học Cần Thơ | ||